LEADER 01213nam0 2200313 450 001 000019072 005 20081110113959.0 100 $a20081110d1977----km-y0itay50------ba 101 0 $aita 102 $aIT 105 $ay-------001yy 200 1 $a<>modellaccio$emodello dell'economia italiana elaborato dal Gruppo di Ancona$fa cura di Giorgio Fuā 210 $aMilano$cFranco Angeli$d1977 215 $a4 v.$d22 cm 225 2 $aISPE$v8 327 0 $a1.: Il quadro generale / scritti di Marco Crivellini ... [et al.]$a2.: Capacitā previsiva di alcune funzioni di comportamento / scritti di Pietro Alessandrini ... [et al.]$a4.: Obiettivi, vincoli e strumenti : appendici / scritti di Carlo Bianchi ... [et al.] 410 0$12001$aISPE 500 10$a<>modellaccio$955225 610 1 $aItalia$aEconomia$aModelli matematici 676 $a338.9$v18$9Politica economica 676 $a330.0151$v19$9Economia. Principi matematici 702 1$aFuā,$bGiorgio$4070 801 0$aIT$bUNIPARTHENOPE$c20081110$gRICA$2UNIMARC 912 $a000019072 951 $a126/10$b4584$cNAVA2 951 $a126/11$b4585$cNAVA2 951 $a126/12$b4586$cNAVA2 996 $aModellaccio$955225 997 $aUNIPARTHENOPE